00322nam a2200157Ia 4500008004000000041000800040082001100048100001500059245002600074260002000100440000600120650000900126650001300135650001000148650000600158210210b1901 xxu||||| |||| 00| 0 eng d aeng a828/14 aARCHER (T) aQueen Victoria Vol. 4 aLondonb-c1901 a4 aVol. aVictoria aQueen a4